000 00813nam a2200301Ia 4500
003 OSt
005 20220912150645.0
006 a|||||r|||| 00| 0
007 ta
008 220909b |||||||| |||| 00| 0 eng d
020 _a0632049510 (pbk)
024 _a8211
037 _bN R,
037 _cReference Collections
040 _aCSL
_beng
_cCSL
041 _aeng
082 _aG:55:(8)k, N9
100 _aCalow Peter Ed
245 0 _aBlackwell's concise encyclopedia of environmental management
260 _aOxford
_bBlackwell Science
_c1999
300 _axiii,165p
650 _a Encyclopedia
650 _a Environment
650 _a Management
650 _aBiology
942 _hG:55:(8)k, N9
_cREF
_2CC
999 _c51894
_d51894